|
|
|
|
| LEADER |
00000nam0a2200000 4500 |
| 001 |
248292 |
| 005 |
20231101232356.0 |
| 035 |
|
|
|a (RuTPU)RU\TPU\book\270053
|
| 090 |
|
|
|a 248292
|
| 100 |
|
|
|a 20140121d1987 k y0rusy50 ca
|
| 101 |
0 |
|
|a rus
|
| 102 |
|
|
|a RU
|
| 105 |
|
|
|a a z 001zy
|
| 200 |
1 |
|
|a Физические основы прогнозирования разрушения горных пород при землетрясениях
|f Академия наук СССР (АН СССР), Междуведомственный совет по сейсмологии и сейсмостойкому строительству ; под ред. М. А. Садовского и Г. А. Соболева
|
| 210 |
|
|
|a Москва
|c Наука
|d 1987
|
| 215 |
|
|
|a 128 с.
|c ил.
|
| 320 |
|
|
|a Библиогр. в конце ст.
|
| 606 |
1 |
|
|a Землетрясения
|x Параметры
|2 stltpush
|3 (RuTPU)RU\TPU\subj\11723
|9 38632
|
| 610 |
1 |
|
|a прогнозирование
|
| 610 |
1 |
|
|a физические основы
|
| 610 |
1 |
|
|a горные породы
|
| 610 |
1 |
|
|a разрушение
|
| 610 |
1 |
|
|a сейсмичность
|
| 610 |
1 |
|
|a прогноз
|
| 675 |
|
|
|a 550.348.436.098
|v 3
|
| 702 |
|
1 |
|a Садовский
|b М. А.
|4 340
|
| 702 |
|
1 |
|a Соболев
|b Г. А.
|4 340
|
| 712 |
0 |
2 |
|a Академия наук СССР (АН СССР)
|b Междуведомственный совет по сейсмологии и сейсмостойкому строительству
|2 stltpush
|3 (RuTPU)RU\TPU\col\722
|
| 801 |
|
1 |
|a RU
|b 63413507
|c 20140121
|
| 801 |
|
2 |
|a RU
|b 63413507
|c 20141022
|g RCR
|
| 942 |
|
|
|c BK
|